Countries of Africa - Speed Test - Statistics

General Stats
  • This quiz has been taken 87 times
  • The average score is 34 of 54
Answers on the Map
Answers color-coded by a green-red scale on the quiz's map according to % correct below.
 
Answer Stats
Country % Correct
Angola
76%
Mali
76%
Chad
72%
Gabon
72%
Namibia
72%
Burundi
69%
Ethiopia
69%
Madagascar
69%
Uganda
69%
Benin
66%
Burkina Faso
66%
Cameroon
66%
Cape Verde
66%
Central AfricanRepublic
66%
Eritrea
66%
Lesotho
66%
Malawi
66%
Mauritius
66%
Morocco
66%
Niger
66%
Nigeria
66%
São Tomé andPríncipe
66%
Seychelles
66%
Somalia
66%
Algeria
62%
Botswana
62%
Djibouti
62%
Egypt
62%
Gambia
62%
Ivory Coast
62%
Rwanda
62%
Senegal
62%
South Africa
62%
Sudan
62%
Congo (Dem. Rep.)
59%
Eswatini
59%
Guinea
59%
Guinea-Bissau
59%
Liberia
59%
Libya
59%
Mauritania
59%
Mozambique
59%
Sierra Leone
59%
South Sudan
59%
Tanzania
59%
Togo
59%
Tunisia
59%
Zambia
59%
Zimbabwe
59%
Comoros
55%
Congo (Rep. of)
55%
Ghana
55%
Kenya
55%
Equatorial Guinea
52%
No matching quizzes found
Score Distribution
Percent of People with Each Score
Percentile by Number Answered
Your Score History
You have not taken this quiz